000 00458nam a2200181Ia 4500
001 14476
003 IN-NITTTR
005 20251114233136.0
008 251113s9999||||xx |||||||||||||| ||eng||
040 _beng
040 _cIN-NITTTR
041 _aeng
082 _a370.15 B483P
100 _aBigge, Morris L.
245 0 _aPsychological foundations of education /
_cBigge, Morris L., Hunt, Maurice P.
700 _a Hunt, Maurice P.
942 _2ddc
_cBK
999 _c17112
_d17112